00491nam a2200145Ia 4500008004100000020001800041041000800059082001600067100001400083245017200097260002800269300000800297365001600305700002400321230718s9999 xx 000 0 und d a9788174091904 aeng a670.42bJAI aJain K.C. aPrinciples Of Automation And Advanced Manufacturing Systems With CAD, CAM, FMS, CIMS, AI And RoboticsbFor The Students Of Engineering And Professional Field Engineers c2009bKhanna Publishers a728 cRs.b299.00 aJain K.C. & Jain S.